| 000 | 00872nam a2200217Ii 4500 | ||
|---|---|---|---|
| 003 | JO-AjNU | ||
| 008 | 230605s9999||||xx |||||||||||||| ||und|| | ||
| 017 | _a1990/1835 | ||
| 040 |
_aJO-AjNU _bara _erda _cJO-AjNU |
||
| 041 | _aara | ||
| 050 | 1 | 4 | _aPR9199.3.K48.I4612 1990 |
| 100 | 3 |
_aتأليف روس، مالكوس ؛ ترجمة عبد الواحد محمد ؛ مراجعة وتقديم محسن الموسوي, _eauthor _98117 |
|
| 245 | 0 | 0 | _aالخلاصة العصية لتقاليدنا: تأملات في الأدب الكندي |
| 264 | 3 | 1 | _aبغداد: دار الشؤون الثقافية، 1990 |
| 300 | _a248ص | ||
| 336 |
_atext _btxt _2rdacontent |
||
| 337 |
_aunmediated _bn _2rdamedia |
||
| 338 |
_avolume _bnc _2rdacarrier |
||
| 490 | 0 | _aسلسلة المائة كتاب - الثانية | |
| 650 | 4 |
_aالأدب الكندي - تحليل ونقد _98118 |
|
| 999 |
_aA625 _c4193 _d4193 |
||